000 00499nam a2200205Ia 4500
008 240509s9999 xx 000 0 und d
020 _a9780393919035
041 _aEng
082 _a501
082 _bC86
100 _aCURD,MARTIN;COVER,J.A.;PINCOCK,CHRISTOPHER
245 0 _aPhilosophy of Science:The Central Issues
250 _a2nd ed.
260 _bUSA:W.W.Norton & Company
260 _c2013
300 _a1393 p.
650 _aScience/Philosophy
942 _2ddc
942 _cRBK
999 _c23313
_d23313
945 _a1
_bMadushi Gamage
_c1
_dMadushi Gamage